Regenerative Biology of the Spine and Spinal Cord

Editors hope that Regenerative Biology of the Spine and Spinal Cord appeals to the nostalgic sentiments of investigators and intellectuals in that it can be held in hand and provide a broad survey of leading edge science. At the same time its chapters can be digitally acquired for those established...

Full description

Bibliographic Details
Corporate Author: SpringerLink (Online service)
Other Authors: Jandial, Rahul (Editor), Chen, Mike Y. (Editor)
Format: Electronic eBook
Language:English
Published: New York, NY : Springer New York : Imprint: Springer, 2012.
Series:Advances in Experimental Medicine and Biology,
Subjects:
Online Access:Full Text via HEAL-Link
LEADER 02914nam a22004575i 4500
001 978-1-4614-4090-1
003 DE-He213
005 20150519175522.0
007 cr nn 008mamaa
008 150519s2012 xxu| s |||| 0|eng d
020 |a 9781461440901  |9 978-1-4614-4090-1 
024 7 |a 10.1007/978-1-4614-4090-1  |2 doi 
040 |d GrThAP 
050 4 |a RC321-580 
072 7 |a PSAN  |2 bicssc 
072 7 |a MED057000  |2 bisacsh 
082 0 4 |a 612.8  |2 23 
245 1 0 |a Regenerative Biology of the Spine and Spinal Cord  |h [electronic resource] /  |c edited by Rahul Jandial, Mike Y. Chen. 
264 1 |a New York, NY :  |b Springer New York :  |b Imprint: Springer,  |c 2012. 
300 |a XXI, 215 p.  |b online resource. 
336 |a text  |b txt  |2 rdacontent 
337 |a computer  |b c  |2 rdamedia 
338 |a online resource  |b cr  |2 rdacarrier 
347 |a text file  |b PDF  |2 rda 
490 1 |a Advances in Experimental Medicine and Biology,  |x 0065-2598 
505 0 |a Frontiers of Spinal Cord and Spine Repair: Experimental Approaches for Repair of Spinal Cord Injury -- Stem Cell Based Strategies for Spinal Cord Injury Repair -- Strategies for Endogenous Spinal Cord Repair: HPMA Hydrogel to Recruit Migrating Endogenous Stem Cells -- Stem Cells and Spinal Cord Injury Repair -- Chronic Pain Following Spinal Cord Injury -- Repair of Radiation Damage and Radiation Injury to the Spinal Cord -- Malignancies of the Spinal Cord -- Molecular Basis of Intervertebral Disc Degeneration -- Bioceramics for Osteogenesis, Molecular and Cellular Advances -- Cell‑Based Therapies for Spinal Fusion -- Clinical Efficacy of Stem Cell Mediated Osteogenesis and Bioceramics for Bone Tissue Engineering -- Progenitor Cells: Role and Usage in Bone Tissue Engineering Approaches for Spinal Fusion. 
520 |a Editors hope that Regenerative Biology of the Spine and Spinal Cord appeals to the nostalgic sentiments of investigators and intellectuals in that it can be held in hand and provide a broad survey of leading edge science. At the same time its chapters can be digitally acquired for those established in the field to refine particular knowledge interests or gaps. Most importantly, we ask the reader, whomever that may be, to peruse without prejudice as countless more chapters will have been written before total spinal regeneration is achieved. 
650 0 |a Medicine. 
650 0 |a Neurosciences. 
650 1 4 |a Biomedicine. 
650 2 4 |a Neurosciences. 
650 2 4 |a Biomedicine general. 
700 1 |a Jandial, Rahul.  |e editor. 
700 1 |a Chen, Mike Y.  |e editor. 
710 2 |a SpringerLink (Online service) 
773 0 |t Springer eBooks 
776 0 8 |i Printed edition:  |z 9781461440895 
830 0 |a Advances in Experimental Medicine and Biology,  |x 0065-2598 
856 4 0 |u http://dx.doi.org/10.1007/978-1-4614-4090-1  |z Full Text via HEAL-Link 
912 |a ZDB-2-SBL 
950 |a Biomedical and Life Sciences (Springer-11642)